[Event "EU-ch 16th"]
[Site "Jerusalem"]
[Date "2015.02.24"]
[Round "1"]
[White "Zhigalko, Andrey"]
[Black "Chazan, Yonatan"]
[Result "1-0"]
[WhiteElo "2572"]
[BlackElo "1961"]
[PlyCount "74"]
[EventDate "2015.02.24"]
[EventType "swiss"]
[EventRounds "11"]
[EventCountry "ISR"]
[SourceTitle "CBM 166"]
[Source "ChessBase"]
[SourceDate "2015.05.11"]
[SourceVersion "1"]
[SourceVersionDate "2015.05.11"]
[SourceQuality "1"]

1. e4 c5 2. Nf3 Nc6 3. Nc3 Nf6 4. Bb5 Qc7 5. d3 Nd4 6. a4 e6 7. h3 a6 8. Bc4 Nc6 9. 0-0 Be7 10. Re1 d6 11. Bf4 e5 12. Bg5 Be6 13. Bxf6 Bxf6 14. Nd5 Bxd5 15. Bxd5 0-0 16. c3 Rad8 17. Qb3 b6 18. Rad1 Rb8 19. g3 Ne7 20. Bc4 Qc8 21. d4 Nc6 22. dxe5 Nxe5 23. Nxe5 Bxe5 24. Kg2 g5 25. Re3 Kg7 26. Rf3 f6 27. Rf5 b5 28. axb5 axb5 29. Bd5 b4 30. Qc2 bxc3 31. bxc3 Qa6 32. h4 h6 33. Qd2 Qa3 34. hxg5 Qxc3 35. gxh6+ Kh7 36. Qe2 Rb2 37. Qg4 Bd4 1-0